Run for cover (Record no. 71797)

MARC details
000 -LEADER
fixed length control field 00881cam a2200193 4500
001 - CONTROL NUMBER
control field ABS66264
008 - FIXED-LENGTH DATA ELEMENTS--GENERAL INFORMATION
fixed length control field 021217n2002 000 0 eng u
035 ## - SYSTEM CONTROL NUMBER
System control number (Sirsi) u120817
100 ## - MAIN ENTRY--PERSONAL NAME
Personal name Pickering, G
245 ## - TITLE STATEMENT
Title Run for cover
260 ## - PUBLICATION, DISTRIBUTION, ETC.
Date of publication, distribution, etc. 2002
490 ## - SERIES STATEMENT
Series statement Solicitors' Journal
Volume/sequential designation 146(43) 15 November 2002, 1031-1032(2)
520 ## - SUMMARY, ETC.
Summary, etc. Advises on considerations to be taken when choosing a business insurance policy. Recommends items to be considered are expert advice, quality of insurer, valuation, construction, subsidence, tax due on claims payments, fire prevention, flood, contents and complaints procedure. Concludes that a client's business could be at risk because of an inadequate insurance policy, so care should be taken when choosing one.
590 ## - LOCAL NOTE (RLIN)
Local note ABS
650 ## - SUBJECT ADDED ENTRY--TOPICAL TERM
Topical term or geographic name entry element INSURANCE POLICIES
690 ## - LOCAL SUBJECT ADDED ENTRY--TOPICAL TERM (OCLC, RLIN)
Topical term or geographic name as entry element INSURANCE
9 (RLIN) 6249
700 ## - ADDED ENTRY--PERSONAL NAME
Personal name Wilson, M.
942 ## - ADDED ENTRY ELEMENTS (KOHA)
Suppress in OPAC 0
Holdings
Withdrawn status Lost status Source of classification or shelving scheme Damaged status Not for loan Home library Current library Shelving location Date acquired Total Checkouts Full call number Barcode Date last seen Copy number Price effective from Koha item type
    Dewey Decimal Classification     London London Journal article 17/12/2002   ABS66264 120817-1001 06/08/2019 1 06/08/2019 Journal article